Àrea de Medi Ambient : el desenvolupament sostenible el desenvolupament sostenible
Descripción Física:
11 p. ; 28 cm
MARC
| LEADER | 00000nam a2200000Ia 4500 | ||
|---|---|---|---|
| 001 | 15147 | ||
| 008 | 160829s2003 xx 000 0 cat d | ||
| 080 | |a FU-34-37 | ||
| 110 | |a Barcelona (Catalunya : Província). |b Àrea de Medi Ambient |9 52987 | ||
| 245 | |a Àrea de Medi Ambient : |b el desenvolupament sostenible | ||
| 260 | |a [Barcelona] : |b Diputació de Barcelona, Xarxa de Municipis, |c 2003 | ||
| 300 | |a 11 p. ; |c 28 cm | ||
| 610 | 0 | |a Barcelona (Catalunya : Província). |b Àrea de Medi Ambient |9 52987 | |
| 650 | 0 | |a Desenvolupament sostenible |9 23028 | |
| 650 | 0 | |a Gestió ambiental |9 37534 | |
| 901 | |a Arxiu | ||
| 942 | |n 1 | ||
| 952 | |0 0 |1 0 |4 0 |6 FU3437 |7 1 |9 42479 |a Arxiu |b Arxiu |d 2016-12-01 |l 0 |o FU-34-37 |p 15147 |r 2016-12-01 00:00:00 |w 2016-12-01 |y ARXIU | ||
| 999 | |c 44984 |d 44984 | ||